| 000 | 00831cam a22002651 4500 | ||
|---|---|---|---|
| 001 | 20967 | ||
| 003 | BD-RjUL | ||
| 005 | 20211209000631.0 | ||
| 008 | 140302s1962 nyu b 001 0 eng | ||
| 035 | _a(BD-RjUL)21029 | ||
| 035 | _a(OCoLC)503385 | ||
| 040 |
_aDLC _cOYU _dOCoLC _dBD-RjUL _beng |
||
| 041 | _aeng | ||
| 082 | 0 | 0 |
_a809 _bSCF 1962 |
| 100 | 1 |
_aScott, Wilbur S. _q(Wilbur Stewart), _d1914-2005, _964777 |
|
| 245 | 1 | 0 |
_aFive approaches of literary criticism : _ban arrangement of contemporary critical essays / _cWilbur S. Scott. |
| 260 |
_aNew York : _bMacmillan, _cc1962. |
||
| 300 |
_a351 p. ; _c22 cm. |
||
| 504 | _aIncludes bibliography and index. | ||
| 650 | 0 |
_aCriticism. _964778 |
|
| 650 | 0 |
_aLiterature _xHistory and criticism. _964779 |
|
| 942 |
_2ddc _cBK |
||
| 999 |
_c20967 _d20967 |
||